Statistics for Doplň tato přísloví! (Czech Proverbs Quiz)

Click here to take the quiz!

General Stats

  • This quiz has been taken 2 002 times
  • The average score is 17 of 26

Answer Stats

PříslovíDoplněné slovo% Correct
Mazat med kolem ____.huby
91%
Není všechno _____, co se třpytí.zlato
88%
Co tě ________, to tě posílí.nezabije
86%
Bez peněz do _______ nelez.hospody
84%
_____ hory přenáší.Láska
84%
_______, ale prověřuj.Důvěřuj
83%
_____ předchází pád.Pýcha
81%
_____ voda břehy mele.Tichá
79%
Ve víně je ______.pravda
78%
Práce ______ málo platná.kvapná
77%
____ huba - holé neštěstí.Líná
70%
Stará láska ________.nerezaví
66%
_______ dne před večerem.Nechval
64%
Pozdě _____ honit.bycha
61%
_____ šlechtí člověka.Práce
61%
Trpělivost přináší ____.růže
59%
Chytrému napověz, hloupého _____.trkni
58%
Mezi slepými jednooký ______.králem
56%
S __________ nejdál dojdeš.poctivostí
53%
Sytý hladovému ______.nevěří
51%
Všechna _____, polní tráva.sláva
49%
Když dva dělají _____, není to _____.totéž
49%
Stokrát ___ umořilo osla.nic
47%
Kdo seje ____, sklízí bouři.vítr
42%
Kde nic není, ani ____ nebere.smrt
39%
_______ cti netratí.Chudoba
13%

Score Distribution

Percentile by Number Answered

Percent of People with Each Score

Your Score History

You have not taken this quiz